| 000 | 00760nam a22002537a 4500 | ||
|---|---|---|---|
| 005 | 20170124110143.0 | ||
| 010 | _a432898 | ||
| 020 | _c00.00 | ||
| 035 | _a432898 | ||
| 037 | _bCen Lib/Ret | ||
| 040 |
_aDPL _bEN |
||
| 082 |
_a621.381 _bWEL |
||
| 100 |
_aWells, Robert _932939 |
||
| 245 |
_aEarly warning : _cby Robert Wells [and] C.R.Whiting ; illustrated by Jack Coggins _belectronic guardians of our country / |
||
| 260 |
_bPrentice-Hall _c1962 _aNew York |
||
| 270 | _aEnglewood Cliffs | ||
| 300 |
_a120p. : _c19cm(Hb) _bill. |
||
| 500 | _aIncludes index | ||
| 650 |
_aThe giants _932940 |
||
| 650 |
_aICBM radars _932941 |
||
| 700 |
_aWhiting, C.R. _932942 |
||
| 700 |
_aCoggins, Jack _919005 |
||
| 942 |
_2ddc _cEN _h621.381 _mWEL |
||
| 999 |
_c131831 _d131831 |
||